<?xml version="1.0" encoding="UTF-8"?>
<record
    xmlns:xsi="http://www.w3.org/2001/XMLSchema-instance"
    xsi:schemaLocation="http://www.loc.gov/MARC21/slim http://www.loc.gov/standards/marcxml/schema/MARC21slim.xsd"
    xmlns="http://www.loc.gov/MARC21/slim">

  <leader>00935    a2200253   4500</leader>
  <datafield tag="952" ind1=" " ind2=" ">
    <subfield code="0">0</subfield>
    <subfield code="1">0</subfield>
    <subfield code="4">0</subfield>
    <subfield code="7">0</subfield>
    <subfield code="a">CCL</subfield>
    <subfield code="b">CCL</subfield>
    <subfield code="d">2020-11-05</subfield>
    <subfield code="l">0</subfield>
    <subfield code="o">JF1351 GOR 2007</subfield>
    <subfield code="p">009818</subfield>
    <subfield code="r">2020-11-05 00:00:00</subfield>
    <subfield code="t">c.1</subfield>
    <subfield code="w">2020-11-05</subfield>
    <subfield code="y">BK</subfield>
  </datafield>
  <datafield tag="952" ind1=" " ind2=" ">
    <subfield code="0">0</subfield>
    <subfield code="1">0</subfield>
    <subfield code="4">0</subfield>
    <subfield code="7">0</subfield>
    <subfield code="a">CCL</subfield>
    <subfield code="b">CCL</subfield>
    <subfield code="d">2020-11-05</subfield>
    <subfield code="l">0</subfield>
    <subfield code="o">JF1351 GOR 2007</subfield>
    <subfield code="p">023761</subfield>
    <subfield code="r">2020-11-05 00:00:00</subfield>
    <subfield code="t">c.2</subfield>
    <subfield code="w">2020-11-05</subfield>
    <subfield code="y">BK</subfield>
  </datafield>
  <datafield tag="952" ind1=" " ind2=" ">
    <subfield code="0">0</subfield>
    <subfield code="1">0</subfield>
    <subfield code="4">0</subfield>
    <subfield code="7">0</subfield>
    <subfield code="a">CCL</subfield>
    <subfield code="b">CCL</subfield>
    <subfield code="d">2020-11-05</subfield>
    <subfield code="l">0</subfield>
    <subfield code="o">JF1351 GOR 2007</subfield>
    <subfield code="p">009814</subfield>
    <subfield code="r">2020-11-05 00:00:00</subfield>
    <subfield code="t">c.3</subfield>
    <subfield code="w">2020-11-05</subfield>
    <subfield code="y">BK</subfield>
  </datafield>
  <datafield tag="952" ind1=" " ind2=" ">
    <subfield code="0">0</subfield>
    <subfield code="1">0</subfield>
    <subfield code="4">0</subfield>
    <subfield code="7">0</subfield>
    <subfield code="a">CCL</subfield>
    <subfield code="b">CCL</subfield>
    <subfield code="d">2020-11-05</subfield>
    <subfield code="l">1</subfield>
    <subfield code="o">JF1351 GOR 2007</subfield>
    <subfield code="p">023762</subfield>
    <subfield code="r">2022-11-25 00:00:00</subfield>
    <subfield code="s">2022-11-21</subfield>
    <subfield code="t">c.4</subfield>
    <subfield code="w">2020-11-05</subfield>
    <subfield code="y">BK</subfield>
  </datafield>
  <datafield tag="952" ind1=" " ind2=" ">
    <subfield code="0">0</subfield>
    <subfield code="1">0</subfield>
    <subfield code="2">lcc</subfield>
    <subfield code="4">0</subfield>
    <subfield code="7">0</subfield>
    <subfield code="8">NFIC</subfield>
    <subfield code="a">GSRC</subfield>
    <subfield code="b">GSRC</subfield>
    <subfield code="c">GEN</subfield>
    <subfield code="d">2021-06-10</subfield>
    <subfield code="l">0</subfield>
    <subfield code="o">JF 1351 GOR 2007</subfield>
    <subfield code="p">023892</subfield>
    <subfield code="r">2021-06-10 00:00:00</subfield>
    <subfield code="t">c. 5</subfield>
    <subfield code="w">2021-06-10</subfield>
    <subfield code="y">BK</subfield>
  </datafield>
  <datafield tag="999" ind1=" " ind2=" ">
    <subfield code="c">2730</subfield>
    <subfield code="d">2730</subfield>
  </datafield>
  <datafield tag="020" ind1=" " ind2=" ">
    <subfield code="a">0495006807 (pbk.)</subfield>
  </datafield>
  <datafield tag="050" ind1="0" ind2="0">
    <subfield code="a">JF1351 GOR 2007</subfield>
  </datafield>
  <datafield tag="100" ind1="1" ind2=" ">
    <subfield code="a">Gortner, Harold F.,</subfield>
    <subfield code="d">1940-</subfield>
    <subfield code="e">author</subfield>
  </datafield>
  <datafield tag="245" ind1="1" ind2="0">
    <subfield code="a">Organization theory :</subfield>
    <subfield code="b">a public and nonprofit perspective /</subfield>
    <subfield code="c">Harold F. Gortner, Kenneth L. Nichols and Carolyn Ball</subfield>
  </datafield>
  <datafield tag="250" ind1=" " ind2=" ">
    <subfield code="a">3rd ed. /</subfield>
  </datafield>
  <datafield tag="264" ind1=" " ind2=" ">
    <subfield code="a">Belmont :</subfield>
    <subfield code="b">Wadsworth,</subfield>
    <subfield code="c">2007</subfield>
  </datafield>
  <datafield tag="300" ind1=" " ind2=" ">
    <subfield code="a">xii, 436p. :</subfield>
    <subfield code="b">ill. ;</subfield>
  </datafield>
  <datafield tag="500" ind1=" " ind2=" ">
    <subfield code="a">Organisation theory</subfield>
  </datafield>
  <datafield tag="504" ind1=" " ind2=" ">
    <subfield code="a">Includes bibliographical references and index.</subfield>
  </datafield>
  <datafield tag="650" ind1=" " ind2="0">
    <subfield code="a">Public administration.</subfield>
  </datafield>
  <datafield tag="650" ind1=" " ind2="0">
    <subfield code="a">Organization.</subfield>
  </datafield>
  <datafield tag="650" ind1=" " ind2="0">
    <subfield code="a">Bureaucracy.</subfield>
  </datafield>
  <datafield tag="650" ind1=" " ind2="0">
    <subfield code="a">Management.</subfield>
  </datafield>
  <datafield tag="700" ind1="1" ind2=" ">
    <subfield code="a">Nichols, Kenneth L.,</subfield>
    <subfield code="d">1946-</subfield>
    <subfield code="e">author</subfield>
  </datafield>
  <datafield tag="700" ind1="1" ind2=" ">
    <subfield code="a">Ball, Carolyn.</subfield>
    <subfield code="e">author</subfield>
  </datafield>
  <datafield tag="856" ind1="4" ind2="1">
    <subfield code="3">Table of contents only</subfield>
    <subfield code="u">http://www.loc.gov/catdir/toc/fy0708/2006906712.html</subfield>
  </datafield>
  <datafield tag="942" ind1=" " ind2=" ">
    <subfield code="2">lcc</subfield>
    <subfield code="c">BK</subfield>
    <subfield code="e">3rd ed.</subfield>
    <subfield code="h">1351</subfield>
    <subfield code="i">GOR</subfield>
    <subfield code="k">JF</subfield>
  </datafield>
</record>
